PORTAFOLIO (Registro nro. 25842)

Detalles MARC
000 -CABECERA
Longitud fija campo de control 00870nam a2200181 a 4500
003 - • IDENTIFICADOR DELl NÚMERO DE CONTROL
Identificador del número de control CO-ViMGA
008 - • CÓDIGOS DE INFORMACIÓN DE LONGITUD FIJA
Códigos de información de longitud fija 141112s2004 ck r 000 u spa d
020 ## - • NÚMERO INTERNACIONAL NORMALIZADO PARA LIBROS
Número Internacional Normalizado para Libros (ISBN) 01236326
040 ## - FUENTE DE LA CATALOGACIÓN
Centro catalogador de origen CO-ViMGA
Lengua de catalogación spa
Centro transcriptor CO-ViMGA
110 ## - • PUNTO DE ACCESO PRINCIPAL-NOMBRE DE ENTIDAD CORPORATIVA
Nombre de entidad corporativa o nombre de jurisdicción como elemento inicial El Tiempo
245 10 - • TITULO PROPIAMENTE DICHO
Título PORTAFOLIO
500 ## - • NOTA GENERAL
Nota general Solicitar el ejemplar de la tabla de contenido.
505 ## - • NOTA DE CONTENIDO CON FORMATO
Nota de contenido con formato PORTAFOLIO MAYO 7 - 2003 : Maratón en el plan de desarrollo - La WWW cumplió diez años PORTAFOLIO MAYO 8 - 2003 : Una mirada a los niños desatentos, deficit de atención - Oficina del futuro, adiós a los papeles y bienvenidos los bits - Supervisan niños vía satelite, GPS - Accidentes de trabajo se crecen PORTAFOLIO MAYO 9 - 2003 : Compruebelo el vino ecológico bien se merece una copa
650 14 - • PUNTO DE ACCESO ADICIONAL DE MATERIA - TÉRMINO DE MATERIA
Término de materia o nombre geográfico como elemento inicial Economía Y NEGOCIOS
942 ## - ENTRADA DE ELEMENTOS AGREGADOS (KOHA)
Fuente de clasificaión o esquema Dewey Decimal Classification
Koha [por defecto] tipo de item LIbro
Existencias
Perdido Fuente de clasificación o esquema Estado Físico No para préstamo Forma de adquisición Localización permanente Localización actual Fecha adquisición Serie de enumeración / cronolog&íacute;a Préstamos totales Código de barras Fecha última consulta Número de copia Fecha del precio de reemplazo Tipo de item de Koha
  Dewey Decimal Classification     Sala Especializada Tercer Piso Biblioteca Pública Germán Arciniegas - Villavicencio Biblioteca Pública Germán Arciniegas - Villavicencio 12/04/2015 Volumen. 1 | 11/jun/2009   15752 12/04/2015 Ej. 1 12/04/2015 LIbro









Instituto Departamental de Cultura del Meta - Red Departamental de Bibliotecas Públicas del Meta.